[Event "Moscow Region-ch op"]
[Site "Moscow"]
[Date "2009.07.31"]
[Round "5"]
[White "Nachev, Stanislav"]
[Black "Popelyshev, Igor Viktorovich"]
[Result "1/2-1/2"]
[WhiteElo "2411"]
[BlackElo "2119"]
[PlyCount "27"]
[EventDate "2009.07.29"]
[EventType "swiss"]
[EventRounds "10"]
[EventCountry "RUS"]
[SourceTitle "CBM 131 Extra"]
[Source "ChessBase"]
[SourceDate "2009.09.03"]
[SourceVersion "2"]
[SourceVersionDate "2009.09.16"]
[SourceQuality "1"]

1. d4 d5 2. Nf3 c6 3. Nc3 Bf5 4. Bg5 f6 5. Bf4 e6 6. e3 Bd6 7. Bd3 Bxd3 8. Qxd3 Bxf4 9. exf4 Qd6 10. g3 Nh6 11. 0-0-0 Nd7 12. Rhe1 0-0-0 13. Kb1 Rde8 14. a3 1/2-1/2

[Event "RUS-chT2 12th"]
[Site "Smolensk"]
[Date "2005.02.09"]
[Round "8"]
[White "Nachev, Stanislav"]
[Black "Pogosian, Georgy"]
[Result "1-0"]
[WhiteElo "2404"]
[BlackElo "2246"]
[PlyCount "61"]
[EventDate "2005.02.03"]
[EventType "team"]
[EventRounds "11"]
[EventCountry "RUS"]
[SourceTitle "CBM 104 Extra"]
[Source "ChessBase"]
[SourceDate "2005.03.01"]
[SourceVersion "1"]
[SourceVersionDate "2005.03.01"]
[SourceQuality "1"]

1. d4 e6 2. c4 f5 3. Nc3 Nf6 4. e3 Be7 5. Bd3 0-0 6. Nge2 d6 7. Qc2 Nc6 8. a3 g6 9. 0-0 e5 10. f3 Nh5 11. Nd5 Bg5 12. Bd2 Ne7 13. f4 Bh6 14. dxe5 dxe5 15. fxe5 Bg7 16. Ndf4 Bxe5 17. Nxh5 gxh5 18. Nf4 Ng6 19. Kh1 Nxf4 20. exf4 Bd4 21. Rad1 Qf6 22. b4 a5 23. c5 axb4 24. Bxb4 Re8 25. Bc4+ Be6 26. Rfe1 Rad8 27. h3 c6 28. Bxe6+ Rxe6 29. Qc4 Kf7 30. Rxe6 Qxe6 31. Rxd4 1-0

[Event "Moscow Aeroflot op-B"]
[Site "Moscow"]
[Date "2004.02.23"]
[Round "7"]
[White "Sanikidze, Tornike"]
[Black "Nachev, Stanislav"]
[Result "1-0"]
[WhiteElo "2357"]
[BlackElo "2398"]
[PlyCount "99"]
[EventDate "2004.02.17"]
[EventType "swiss"]
[EventRounds "9"]
[EventCountry "RUS"]
[SourceTitle "EXT 2005"]
[Source "ChessBase"]
[SourceDate "2004.11.15"]
[SourceVersion "1"]
[SourceVersionDate "2004.11.15"]
[SourceQuality "1"]

1. e4 c5 2. Nf3 Nc6 3. d4 cxd4 4. Nxd4 Nf6 5. Nc3 e5 6. Ndb5 d6 7. Bg5 a6 8. Na3 b5 9. Bxf6 gxf6 10. Nd5 f5 11. c3 Bg7 12. exf5 Bxf5 13. Nc2 0-0 14. Nce3 Bd7 15. Bd3 f5 16. Bc2 e4 17. Nf4 Be5 18. Ned5 Ne7 19. 0-0 Ng6 20. Nxg6 hxg6 21. f4 exf3 22. Qxf3 Kg7 23. Nf4 Rh8 24. h3 Qb6+ 25. Kh1 Rh6 26. Qxa8 Bxf4 27. Be4 Be3 28. Qb7 Qxb7 29. Bxb7 f4 30. Rae1 g5 31. Bd5 Bc8 32. Rxe3 fxe3 33. Rf7+ Kg6 34. Re7 g4 35. Rxe3 gxh3 36. Re8 Bf5 37. Ra8 Kg5 38. Rxa6 Kf4 39. Ra8 Rh5 40. Rf8 Ke5 41. Bf3 hxg2+ 42. Kxg2 Rh6 43. Rb8 Bd3 44. Kg3 Rg6+ 45. Kf2 Rh6 46. Kg3 Rg6+ 47. Kf2 Kf4 48. Rf8+ Ke5 49. Ke3 Bf5 50. Rf7 1-0

[Event "Moscow Aeroflot op-B"]
[Site "Moscow"]
[Date "2004.02.19"]
[Round "3"]
[White "Magalashvili, Davit"]
[Black "Nachev, Stanislav"]
[Result "1-0"]
[WhiteElo "2376"]
[BlackElo "2398"]
[PlyCount "87"]
[EventDate "2004.02.17"]
[EventType "swiss"]
[EventRounds "9"]
[EventCountry "RUS"]
[SourceTitle "EXT 2005"]
[Source "ChessBase"]
[SourceDate "2004.11.15"]
[SourceVersion "1"]
[SourceVersionDate "2004.11.15"]
[SourceQuality "1"]

1. c4 e6 2. Nf3 d5 3. cxd5 exd5 4. d4 c6 5. Nc3 Bf5 6. Bg5 Qb6 7. Qd2 h6 8. Bh4 Nd7 9. e3 Ngf6 10. Bxf6 Nxf6 11. Ne5 Ne4 12. Nxe4 Bxe4 13. a3 Bd6 14. f3 Bh7 15. f4 Be4 16. Bd3 Bxd3 17. Qxd3 Qxb2 18. 0-0 Qb6 19. Rf3 Qc7 20. Rg3 Bxe5 21. fxe5 g6 22. Rf1 0-0-0 23. Rgf3 Rd7 24. Rf6 Re8 25. e6 Rxe6 26. Rxe6 fxe6 27. Qxg6 Qd6 28. Qxh6 Qxa3 29. Qxe6 Qe7 30. Qh6 Kc7 31. h4 b5 32. h5 Kb7 33. Qf4 a5 34. g4 a4 35. g5 a3 36. g6 b4 37. h6 a2 38. g7 Qe6 39. Qg3 Qg8 40. Kh2 b3 41. Rf8 Qe6 42. g8Q Qxh6+ 43. Kg2 a1Q 44. Rb8+ 1-0

[Event "RUS-Cup07"]
[Site "Togliatti"]
[Date "2001.08.11"]
[Round "4"]
[White "Kniazev, Alexander V"]
[Black "Nachev, Stanislav"]
[Result "1-0"]
[WhiteElo "2243"]
[BlackElo "2401"]
[PlyCount "63"]
[EventDate "2001.08.08"]
[EventType "swiss"]
[EventRounds "9"]
[EventCountry "RUS"]
[SourceTitle "CBM 083 Extra"]
[Source "ChessBase"]
[SourceDate "2001.09.11"]
[SourceVersion "1"]
[SourceVersionDate "2001.09.11"]
[SourceQuality "1"]

1. e4 c5 2. Nf3 Nc6 3. d4 cxd4 4. Nxd4 Nf6 5. Nc3 d6 6. Bg5 Bd7 7. Qd2 a6 8. 0-0-0 b5 9. Bxf6 gxf6 10. f4 e6 11. f5 Nxd4 12. Qxd4 e5 13. Qd3 Bc6 14. Kb1 Rc8 15. Nd5 Bxd5 16. Qxd5 Qc7 17. Qb3 Qb7 18. Rd5 Rc5 19. Rxc5 dxc5 20. a4 b4 21. Bc4 Bg7 22. Bd5 Qa7 23. Bc6+ Ke7 24. Bd5 Rf8 25. Qh3 Rh8 26. Qh5 Kd8 27. Bxf7 Kc7 28. Rd1 Rd8 29. Be6 Rxd1+ 30. Qxd1 Kb6 31. Qd8+ Qc7 32. a5+ 1-0

[Event "RUS-Cup07"]
[Site "Togliatti"]
[Date "2001.08.10"]
[Round "3"]
[White "Nachev, Stanislav"]
[Black "Yandemirov, Valeri"]
[Result "0-1"]
[WhiteElo "2401"]
[BlackElo "2486"]
[PlyCount "48"]
[EventDate "2001.08.08"]
[EventType "swiss"]
[EventRounds "9"]
[EventCountry "RUS"]
[SourceTitle "CBM 083 Extra"]
[Source "ChessBase"]
[SourceDate "2001.09.11"]
[SourceVersion "1"]
[SourceVersionDate "2001.09.11"]
[SourceQuality "1"]

1. c4 Nf6 2. Nc3 d5 3. cxd5 Nxd5 4. g3 g6 5. Bg2 Nxc3 6. bxc3 Bg7 7. Rb1 Nd7 8. h4 c6 9. h5 Qa5 10. Qc2 Nb6 11. hxg6 hxg6 12. Rxh8+ Bxh8 13. Nf3 Bf5 14. e4 Be6 15. a3 0-0-0 16. Bf1 Qh5 17. Nh4 Bf6 18. Ng2 Qh1 19. d3 Rxd3 20. Qxd3 Bc4 21. Qf3 Bxf1 22. Qg4+ e6 23. Kd2 Bxg2 24. Qf4 Nc4+ 0-1

[Event "Voronezh op-A"]
[Site "Voronezh"]
[Date "2000.??.??"]
[Round "8"]
[White "Tkachuk, Sergey Anatolyevich"]
[Black "Nachev, Stanislav"]
[Result "1/2-1/2"]
[WhiteElo "2201"]
[BlackElo "2352"]
[PlyCount "60"]
[EventDate "2000.06.??"]
[EventType "swiss"]
[EventRounds "9"]
[EventCountry "RUS"]
[SourceTitle "EXT 2001"]
[Source "ChessBase"]
[SourceDate "2000.11.22"]
[SourceVersion "1"]
[SourceVersionDate "2000.11.22"]
[SourceQuality "1"]

1. c4 f5 2. Nc3 Nf6 3. g3 d6 4. d4 g6 5. Bg2 Bg7 6. Nf3 0-0 7. 0-0 Qe8 8. d5 Na6 9. Nd4 Nc5 10. b4 Nfe4 11. Bb2 Nxc3 12. Bxc3 Na4 13. Rc1 Nxc3 14. Rxc3 Bd7 15. Re3 f4 16. Re4 Be5 17. gxf4 Rxf4 18. Rxf4 Bxf4 19. e3 Be5 20. f4 Bf6 21. e4 g5 22. fxg5 Bxg5 23. Qf3 Qg6 24. Kh1 Bf6 25. Nf5 Bxf5 26. Qxf5 Qxf5 27. Rxf5 a6 28. Rf3 c5 29. bxc5 dxc5 30. a4 Bd4 1/2-1/2